00550cam a2200157 4500001001100000008004100011035001600052050002000068110004900088245014200137260005200279300001100331505000800342650001800350700002400368ECON001402 19751975 spa  a ECON001402 4aHC125bA99 19752 aComisión Económica para América Latina 0aIntegración económica y sustitución de importaciones en América Latina /cComisión Económica para América Latina ...[et al] aMéxico :bFondo de Cultura Económica,c1975 a232 p. aBEE 4aImportaciones1 aAyza, Juan,ecoaut.